01124nam a2200265Ia 450000100060000000300090000600800410001504000130005604000130006904100120008210000220009410000290011624500490014524500490019425000120024326000180025526000260027326000490029930000450034850003160039365000370070965000310074670000270077770000540080418700IT-RoPAU130308s9999 xx 000 0 und d aIT-RoPAU cIT-RoPAU aINGLESE aAdler Mortimer J. gCodice Aut. SPICS: 12630 aEncyclopaedia Britannica-16-(Rubens-Somalia) bEncyclopaedia Britannica-16-(Rubens-Somalia) a15a ed. aCHICAGO (USA) bUniversity Of Chicago c1975 [1° Ed.:1768 - Ed.Ling.Originale:1768] a"1062 p. (prefazione: no ; testo: 1062)" aEnciclopedia Britannica Avvenimenti e Fatti storici Personaggi importanti Problemi e Tematiche su tutto Lo Scibile Sociologia e Storia delle Scienze Sociali Linguaggi Slavi Shakespeare Sesso e Sessualità Arte della scultura filosofia e Storia della Scienza Scritture Sacre Storia della Russia Società Rurale aENCICLOPEDIE DI CULTURA GENERALE eCodice materia Spics: 1001 aPreece Warren E.AA.VV. gCodice Aut. SPICS: 12925Codice Aut. SPICS: 12000